Ekologické a environmentálne aspekty vývoja cestovného ruchu v podmienkach Slovenskej republiky

Pojmy ekológia, environmentalistika, environmentálna etika, životné prostredie. Legislatíva ochrany prírody v Slovenskej republike. Päť špecifických cieľov rozvoja cestovného ruchu v SR. Trvalo udržateľný rozvoj cestovného ruchu.

Salvato in:
Dettagli Bibliografici
Autore principale: Dendiš, Ľubomír
Natura: Capitolo di libro
Lingua:slovacco
Soggetti:
Tags: Aggiungi Tag
Nessun Tag, puoi essere il primo ad aggiungerne!!

MARC

LEADER 00000naa$a2200000$$$4500
001 0103063
005 20240613101335.2
041 0 |a slo 
044 |a SK 
245 1 0 |a Ekologické a environmentálne aspekty vývoja cestovného ruchu v podmienkach Slovenskej republiky  |c Ľubomír Dendiš 
520 |a Pojmy ekológia, environmentalistika, environmentálna etika, životné prostredie. Legislatíva ochrany prírody v Slovenskej republike. Päť špecifických cieľov rozvoja cestovného ruchu v SR. Trvalo udržateľný rozvoj cestovného ruchu. 
610 2 0 |a ekológia 
610 2 0 |a environmentalistika 
610 2 0 |a etika 
610 2 0 |a ochrana prírody 
610 2 0 |a prostredie životné 
610 2 0 |a rozvoj trvalo udržateľný 
610 2 0 |a ruch cestovný 
610 2 0 |a legislatíva 
610 2 0 |a Slovensko 
100 1 |a Dendiš, Ľubomír